The limits to scarcity : (Record no. 57260)

MARC details
000 -LEADER
fixed length control field 01258nam a22003257a 4500
005 - DATE AND TIME OF LATEST TRANSACTION
control field 2011100406276.0
008 - FIXED-LENGTH DATA ELEMENTS--GENERAL INFORMATION
fixed length control field 111004t xxu||||| |||| 00| 0 eng d
010 ## - LCCN (DPL NO)
LC control number ENG-103864
020 ## - INTERNATIONAL STANDARD BOOK NUMBER
International Standard Book Number 9788125043997
Terms of availability 625.00
035 ## - SYSTEM CONTROL NUMBER
System control number EN-87397
037 ## - SOURCE OF ACQUISITION
Source of stock number/acquisition DBAD/PUB
040 ## - CATALOGING SOURCE
Original cataloging agency DPL
Language of cataloging Eng
082 00 - DEWEY DECIMAL CLASSIFICATION NUMBER
Classification number 338.521
100 ## - MAIN ENTRY--PERSONAL NAME
9 (RLIN) 35214
245 00 - TITLE STATEMENT
Title The limits to scarcity :
Remainder of title contesting the politics of allocation /
Statement of responsibility, etc edited by Lyla Mehta
260 ## - PUBLICATION, DISTRIBUTION, ETC. (IMPRINT)
Place of publication, distribution, etc New Delhi
Name of publisher, distributor, etc Orient Blackswan
Date of publication, distribution, etc 2011
270 ## - ADDRESS
Address 1/24, Asaf Ali Road
City New Delhi
Postal code 110002
300 ## - PHYSICAL DESCRIPTION
Extent xxvi, 270 p. :
Dimensions 25cm (Hb)
Other physical details ill.
500 ## - GENERAL NOTE
General note Includes bibliographical references and index
600 ## - SUBJECT ADDED ENTRY--PERSONAL NAME
9 (RLIN) 35206
650 ## - SUBJECT ADDED ENTRY--TOPICAL TERM
9 (RLIN) 35208
Topical term or geographic name as entry element Scarcity.
650 ## - SUBJECT ADDED ENTRY--TOPICAL TERM
Topical term or geographic name as entry element Welfare economics.
9 (RLIN) 35218
650 ## - SUBJECT ADDED ENTRY--TOPICAL TERM
Topical term or geographic name as entry element Supply and demand
9 (RLIN) 35219
650 ## - SUBJECT ADDED ENTRY--TOPICAL TERM
Topical term or geographic name as entry element Resource allocation.
9 (RLIN) 35220
700 ## - ADDED ENTRY--PERSONAL NAME
9 (RLIN) 35211
Personal name Mehta, Lyla
830 ## - SERIES ADDED ENTRY--UNIFORM TITLE
9 (RLIN) 35213
942 ## - ADDED ENTRY ELEMENTS (KOHA)
Source of classification or shelving scheme Dewey Decimal Classification
Item type English Books
Classification part 338.521
Call number suffix LIM
Holdings
Withdrawn status Lost status Source of classification or shelving scheme Damaged status Not for loan Collection code Home library Current library Date acquired Source of acquisition Cost, normal purchase price Total Checkouts Full call number Barcode Date last seen Copy number Cost, replacement price Koha item type
    Dewey Decimal Classification   Not For Loan Non-fiction D.B.Act.Division D.B.Act.Division 04/10/2011 DBAD/PUB 625.00   338.521 LIM EN-87397 04/10/2011 1 625.00 English Books

© Delhi Public Library
Hit Counter
free hit counter